000 00389nam a22001337a 4500
008 131202b xxu||||| |||| 00| 0 eng d
050 _aPT2682.R37.V4713 1999
100 _aTreichel, Hans-Ulrich
_94607
245 _aLost
_c Hans-Ulrich Treichel
260 _aNew York
_bPantheon Books
_c1999
300 _a136p.;
_c20cm.
650 _aJaneway, Carol Brown.
_94608
942 _2lcc
_cMONOGRAPH
999 _c118909
_d118909